00532nam a2200181Ia 4500003000500000008004100005020001900046040001900065082000700084100001900091245008000110246007900190260003600269300001000305365000800315546001200323700001500335STCL230729s9999 xx 000 0 und d a8187359060qHB aSTCLcSTCLbEN 222 aSingh, Hoshiar 0aSocio-economic development of scheduled castes in India: a study of Haryana aSocio economic development of scheduled castes in India a study of Haryana bAalekh PublishersaJaipurc2001 a236 p b375 aEnglish aMalik, A S